000 00287nam a22001337a 4500
008 170301b xxu||||| |||| 00| 0 eng d
020 _a192962204x
041 _aeng
080 _a61
100 _a6
101 _aSHM
245 _aGYNECOLOGY AND OBSTETRICS
_cCHAN, P.D
942 _2udc
_cBK
999 _c6494
_d6494